|
|
|
|
| LEADER |
00000cam a22000004a 4500 |
| 001 |
musev2_70895 |
| 003 |
MdBmJHUP |
| 005 |
20230905051316.0 |
| 006 |
m o d |
| 007 |
cr||||||||nn|n |
| 008 |
030610s2002 ncu o 00 0 eng d |
| 020 |
|
|
|a 9780822380580
|
| 020 |
|
|
|z 9780822327660
|
| 020 |
|
|
|z 9780822327578
|
| 035 |
|
|
|a (OCoLC)1145330035
|
| 040 |
|
|
|a MdBmJHUP
|c MdBmJHUP
|
| 100 |
1 |
|
|a Miller-Melamed, Paul,
|d 1964-
|e author.
|
| 245 |
1 |
0 |
|a From Revolutionaries to Citizens :
|b Antimilitarism in France, 1870-1914 /
|c Paul B. Miller.
|
| 264 |
|
1 |
|a London :
|b Duke University Press,
|c 2002.
|
| 264 |
|
3 |
|a Baltimore, Md. :
|b Project MUSE,
|c 2020
|
| 264 |
|
4 |
|c ©2002.
|
| 300 |
|
|
|a 1 online resource (290 pages):
|b illustrations
|
| 336 |
|
|
|a text
|b txt
|2 rdacontent
|
| 337 |
|
|
|a computer
|b c
|2 rdamedia
|
| 338 |
|
|
|a online resource
|b cr
|2 rdacarrier
|
| 490 |
0 |
|
|a Duke backfile
|
| 500 |
|
|
|a Originally presented as the author's doctoral dissertation, Yale University, 1995.
|
| 505 |
0 |
|
|a Introduction: "The Revolution That's Coming" -- 1. Origins of war: The Roots of Antimilitarism in the Third Republic -- 2. Antimilitarist armies: Structures and Strategies -- 3. Enemies and allies -- 4. Antimilitarist militants: The Question of Commitment -- 5. Glory to the 17th! -- 6. Antimilitarist wars I: The Battle Within -- 7. Antimilitarist wars II: The Battle Without -- Epilogue: En Avant!
|
| 520 |
|
|
|a A history of the anti-militarist propaganda and activities of the French socialists that seeks to explain why the French left came to accept and in some instances even support World War I.
|
| 546 |
|
|
|a English.
|
| 588 |
|
|
|a Description based on print version record.
|
| 650 |
1 |
7 |
|a Pacifisme.
|2 gtt
|
| 650 |
1 |
7 |
|a Links (politiek)
|2 gtt
|
| 650 |
1 |
7 |
|a Antimilitarisme.
|2 gtt
|
| 650 |
|
7 |
|a Propaganda, French.
|2 fast
|0 (OCoLC)fst01079024
|
| 650 |
|
7 |
|a Politics and government
|2 fast
|0 (OCoLC)fst01919741
|
| 650 |
|
7 |
|a Peace movements.
|2 fast
|0 (OCoLC)fst01055858
|
| 650 |
|
7 |
|a Militarism.
|2 fast
|0 (OCoLC)fst01020839
|
| 650 |
|
7 |
|a HISTORY
|z Europe
|z France.
|2 bisacsh
|
| 650 |
|
6 |
|a Propagande française.
|
| 650 |
|
6 |
|a Mouvements pacifistes
|z France
|x Histoire
|y 20e siecle.
|
| 650 |
|
6 |
|a Mouvements pacifistes
|z France
|x Histoire
|y 19e siecle.
|
| 650 |
|
0 |
|a Propaganda, French.
|
| 650 |
|
0 |
|a Militarism
|z France
|x History
|y 20th century.
|
| 650 |
|
0 |
|a Militarism
|z France
|x History
|y 19th century.
|
| 650 |
|
0 |
|a Peace movements
|z France
|x History
|y 20th century.
|
| 650 |
|
0 |
|a Peace movements
|z France
|x History
|y 19th century.
|
| 651 |
|
7 |
|a France.
|2 fast
|0 (OCoLC)fst01204289
|
| 651 |
|
6 |
|a France
|x Politique et gouvernement
|y 1870-1940.
|
| 651 |
|
6 |
|a France
|x Histoire
|y 1870-1940 (3e Republique)
|
| 651 |
|
0 |
|a France
|x Politics and government
|y 1870-1940.
|
| 651 |
|
0 |
|a France
|x History
|y Third Republic, 1870-1940.
|
| 655 |
|
7 |
|a History.
|2 fast
|0 (OCoLC)fst01411628
|
| 655 |
|
7 |
|a Electronic books.
|2 local
|
| 710 |
2 |
|
|a Project Muse.
|e distributor
|
| 830 |
|
0 |
|a Book collections on Project MUSE.
|
| 856 |
4 |
0 |
|z Texto completo
|u https://projectmuse.uam.elogim.com/book/70895/
|
| 945 |
|
|
|a Project MUSE - Custom Collection
|